000 00563nam a2200193 a 4500
001 1771297720710
003 YourLibrary
005 20260217084031.0
008 260217s2002##################000#0#eng##
020 _a9781840645415
082 0 4 _a330.071147
_bWAT
100 1 _aWatts, Michael,
_eauthor.
245 1 0 _aReforming Economics and Economics Teaching in the Transition Economies :
260 _bEdward Elgar Publishing,
_c2002.
300 _a296 pages
650 0 _aBusiness & Economics.
942 _cENGLISH
040 _aYourLibrary
_beng
_cYourLibrary
999 _c612893
_d612893